State and politics in India / (Record no. 134559)

MARC details
000 -LEADER
fixed length control field 00675nam a22002177a 4500
005 - DATE AND TIME OF LATEST TRANSACTION
control field 20170124110228.0
010 ## - LIBRARY OF CONGRESS CONTROL NUMBER
LC control number A-899300
020 ## - INTERNATIONAL STANDARD BOOK NUMBER
Terms of availability 250.00
International Standard Book Number 9780195647655
035 ## - SYSTEM CONTROL NUMBER
System control number A-899300
037 ## - SOURCE OF ACQUISITION
Source of stock number/acquisition Cen Lib/Ret
040 ## - CATALOGING SOURCE
Original cataloging agency DPL
Language of cataloging EN
082 ## - DEWEY DECIMAL CLASSIFICATION NUMBER
Classification number 320.954
Item number STA
245 ## - TITLE STATEMENT
Title State and politics in India /
Statement of responsibility, etc edited by Partha Chatterjee
260 ## - PUBLICATION, DISTRIBUTION, ETC. (IMPRINT)
Place of publication, distribution, etc New Delhi
Name of publisher, distributor, etc Oxford unversity press
Date of publication, distribution, etc 1997
270 ## - ADDRESS
City New Delhi
Address YMCA building, Jai singh road
Postal code 110001
300 ## - PHYSICAL DESCRIPTION
Extent x,576p.
Dimensions 22cm(pbk)
650 ## - SUBJECT ADDED ENTRY--TOPICAL TERM
Topical term or geographic name as entry element Political science
9 (RLIN) 41081
650 ## - SUBJECT ADDED ENTRY--TOPICAL TERM
Topical term or geographic name as entry element Federal government
9 (RLIN) 11282
700 ## - ADDED ENTRY--PERSONAL NAME
Personal name chatterjee, Partha
9 (RLIN) 5695
942 ## - ADDED ENTRY ELEMENTS (KOHA)
Source of classification or shelving scheme Dewey Decimal Classification
Koha item type English Books
Classification part 320.954
Call number suffix STA
Holdings
Withdrawn status Lost status Damaged status Not for loan Collection code Home library Current library Date acquired Source of acquisition Cost, normal purchase price Total Checkouts Full call number Barcode Date last seen Copy number Cost, replacement price Price effective from Koha item type
      Not For Loan Reference Central Library Central Library 30/07/2015 Cen Lib/Ret 250.00   320.954 STA A-899300 30/07/2015 1 250.00 30/07/2015 English Books

© Delhi Public Library
Hit Counter
free hit counter